000
00288nam a2200109Ia 4500
008
201224s9999 xx 000 0 und d
100
_a
Asher, Catherine B.
245
0
_a
(The) New Cambridge History of India
260
_a
New Delhi
_b
Cambridge University Press
300
_a
368
942
_c
BK
999
_c
9089
_d
9089